Wood - Rotting Fungi of Koderma wildlife Sanctuary Jharkhand/ (Record no. 205812)

MARC details
000 -LEADER
fixed length control field 00779nam a22002057a 4500
005 - DATE AND TIME OF LATEST TRANSACTION
control field 20240917122401.0
010 ## - LCCN (DPL NO)
LC control number ENG-141744
020 ## - INTERNATIONAL STANDARD BOOK NUMBER
Terms of availability 604.00
International Standard Book Number 9789394406223
035 ## - SYSTEM CONTROL NUMBER
System control number EN-125276
037 ## - SOURCE OF ACQUISITION
Source of stock number/acquisition DBAD
082 ## - DEWEY DECIMAL CLASSIFICATION NUMBER
Classification number 589.03
100 ## - MAIN ENTRY--PERSONAL NAME
Personal name Parihar, Arvind
245 ## - TITLE STATEMENT
Title Wood - Rotting Fungi of Koderma wildlife Sanctuary Jharkhand/
Statement of responsibility, etc By Arvind Parihar; Manoj Emanuel Hembrom [and] Kanad Das
260 ## - PUBLICATION, DISTRIBUTION, ETC. (IMPRINT)
Place of publication, distribution, etc Kolkata
Name of publisher, distributor, etc The Director, Botenical Survey of India
Date of publication, distribution, etc 2023
270 ## - ADDRESS
City Kolkata
Address CGO Complex, 3rd MSO Building, Block-F, 5th & 6th Floor DF Block, Sector 1,Salt Lake City
Postal code 700064
300 ## - PHYSICAL DESCRIPTION
Extent 219p
Dimensions 25cm(hb)
700 ## - ADDED ENTRY--PERSONAL NAME
Personal name Hembrom, Manoj Emanuel
Relator term Author
9 (RLIN) 71715
700 ## - ADDED ENTRY--PERSONAL NAME
Personal name Das , Kanad
Relator term Author
9 (RLIN) 71716
942 ## - ADDED ENTRY ELEMENTS (KOHA)
Source of classification or shelving scheme Dewey Decimal Classification
Item type English Books
Classification part 589.03
Call number suffix PAR
Holdings
Withdrawn status Lost status Not for loan Collection code Home library Current library Date acquired Source of acquisition Cost, normal purchase price Full call number Barcode Copy number Cost, replacement price Koha item type
      Non-fiction Shahdara Branch Shahdara Branch 17/09/2024 DBAD 604.00 589.03 PAR EN-125276 1 604.00 English Books

© Delhi Public Library
Hit Counter
free hit counter